[Event "Tatry Open"]
[Site "Tatranske Zruby CZE"]
[Date "2010.10.05"]
[Round "5"]
[White "Koval,Dan"]
[Black "Tomanek,R"]
[Result "1/2-1/2"]
[WhiteElo "2118"]
[BlackElo "1918"]

1.c4 c6 2.Nf3 Nf6 3.Nc3 d5 4.e3 e6 5.d4 Nbd7 6.Be2 Bd6 7.O-O O-O 8.Qc2 dxc4
9.Bxc4 b5 10.Bd3 Bb7 11.e4 e5 12.dxe5 Nxe5 13.Nxe5 Bxe5 14.Bg5 h6 15.Bh4 a6
16.Kh1 Qc7 17.Bxf6 Bxf6 18.Nd5 Qe5 19.Nxf6+ Qxf6 20.a4 Rac8 21.Rac1 Rfd8
22.Rfd1 c5 23.axb5 c4 24.Be2 axb5 25.Bf3 Qg5 26.Kg1 Rd3 27.h4 Qg6 28.Qe2 Rcd8
29.Rxd3 Rxd3 30.Re1 Qd6 31.e5 Bxf3 32.Qxf3 Qd5  1/2-1/2

[Event "Karen Asrian Memorial"]
[Site "Jermuk ARM"]
[Date "2010.10.06"]
[Round "2"]
[White "Vardanian,HaiG"]
[Black "Ter Sahakyan,S"]
[Result "1/2-1/2"]
[WhiteElo "2320"]
[BlackElo "2516"]

1.d4 d5 2.c4 e6 3.Nf3 c6 4.e3 Nf6 5.Nc3 Nbd7 6.Qc2 Bd6 7.b3 O-O 8.Bd3 b6
9.O-O Bb7 10.Bb2 Qe7 11.Rfe1 e5 12.cxd5 cxd5 13.e4 dxe4 14.Nxe4 Rac8 15.Qb1 Bxe4
16.Bxe4 Nxe4 17.Qxe4 Nf6 18.Qh4 e4 19.Ng5 Rc2 20.Bc1 Re8 21.Bf4 Bxf4 22.Qxf4 h6
23.Nxe4 Nxe4 24.f3 Qf6 25.Rxe4 Qxf4 26.Rxf4 Ree2 27.Rg4 f5 28.Rg3 Rxa2 29.Rxa2 Rxa2
30.Rg6 Rb2 31.Rc6 Rxb3 32.Rc8+ Kh7 33.d5 Rb5 34.Ra8 Rxd5 35.Rxa7 Rd2 36.h4 Kg6
37.Rb7 Rb2 38.h5+ Kf6 39.Kh2 f4 40.Kh3 b5 41.Rb6+ Kf5 42.Rb7 Kf6 43.Rb6+ Kg5
44.Rg6+ Kxh5 45.Rxg7 Rb1 46.Kh2 Rc1 47.Rb7 Rc5 48.Rg7 b4 49.Rb7 Rc4 50.Kh3 Kg5
51.g3 Kf5 52.Rb5+ Ke6 53.gxf4 Rxf4 54.Kg3 Rd4 55.Rh5 Kd6 56.Rxh6+ Kc5 57.Rh1 b3
58.f4 b2 59.Kg4 Rd2 60.Kg5 Kd5 61.f5 Kc4 62.Kg6 Kc3 63.Rb1 Kc2 64.Rxb2+ Kxb2
65.f6 Rf2 66.f7 Kc3 67.Kg7 Kd4 68.f8=Q  1/2-1/2

[Event "Tatry Open"]
[Site "Tatranske Zruby CZE"]
[Date "2010.10.07"]
[Round "7"]
[White "Koci,L"]
[Black "Valent,J"]
[Result "1/2-1/2"]
[WhiteElo "2003"]
[BlackElo "1841"]

1.d4 d5 2.c4 c6 3.Nf3 Nf6 4.e3 e6 5.Nc3 Be7 6.Bd3 O-O 7.O-O dxc4 8.Bxc4 b5
9.Bd3 Bb7 10.Qe2 a6 11.Rd1 Qc7 12.e4 g6 13.e5 Ne8 14.Ne4 Nd7 15.Bg5 Qd8 16.Bxe7 Qxe7
17.Rac1 Rc8 18.Nc5 Nxc5 19.dxc5 Nc7 20.Be4 Nd5 21.Bxd5 cxd5 22.b4 Bc6  1/2-1/2

[Event "Continental Class Ch"]
[Site "Arlington USA"]
[Date "2010.10.08"]
[Round "3"]
[White "Holt,C"]
[Black "Wang,K"]
[Result "1/2-1/2"]
[WhiteElo "2403"]
[BlackElo "2152"]

1.d4 d5 2.c4 e6 3.Nc3 c6 4.Nf3 Nf6 5.e3 Nbd7 6.Bd3 dxc4 7.Bxc4 b5 8.Be2 Bb7
9.e4 b4 10.e5 bxc3 11.exf6 Nxf6 12.bxc3 Qc7 13.Rb1 Bd6 14.Nd2 O-O 15.Nc4 Ba6
16.Nxd6 Bxe2 17.Qxe2 Qxd6 18.O-O Rab8 19.Bg5 Nd5 20.Rbc1 h6 21.Bh4 Qa3 22.c4 Nb4
23.Be7 Rfe8 24.Bd6 Rbd8 25.Bc5 a5 26.Qd2 e5 27.d5 cxd5 28.cxd5 e4 29.Rfd1 Qa4
30.Bxb4 Qxb4 31.Qxb4 axb4 32.Rc4 Ra8 33.d6 f5 34.g4 fxg4 35.d7 Red8 36.Rxe4 Kf7
37.Rxb4 Rxa2 38.Rf4+ Kg8 39.Re4 Kf7 40.Rf4+ Kg8 41.Rxg4 Ra7 42.Rgd4 Kf7 43.R1d3 Ra6
44.Kg2 Rg6+ 45.Kh3 Rf6 46.Kg3 Rg6+ 47.Rg4 Rf6 48.Rf4 Rxf4 49.Kxf4 Ke6 50.Re3+ Kf7
51.Rd3 Ke6 52.h4 Rxd7 53.Rxd7  1/2-1/2

[Event "TCh-SWE Elitserien 2010-11"]
[Site "Sweden SWE"]
[Date "2010.10.08"]
[Round "1"]
[White "Lund,E"]
[Black "Landgren,A"]
[Result "1-0"]
[WhiteElo "2401"]
[BlackElo "2159"]

1.d4 d5 2.c4 e6 3.Nc3 c6 4.e3 Nf6 5.Nf3 Nbd7 6.b3 Bb4 7.Bd2 Qe7 8.Be2 O-O
9.O-O b6 10.Qc2 Bb7 11.Rad1 Rac8 12.Ne5 c5 13.Bd3 Rfd8 14.f4 Nf8 15.dxc5 dxc4
16.Bxc4 Qxc5 17.Nd3 Qc6 18.Be1 Bxc3 19.Bxc3 b5 20.Ne5 Qb6 21.Rxd8 Rxd8 22.Bd4 Rxd4
23.exd4 bxc4 24.bxc4 Qxd4+ 25.Qf2 Qxf2+ 26.Kxf2 Ne4+ 27.Ke3 f6 28.Rb1 Nc5
29.Kd4 fxe5+ 30.Kxc5 Bxg2 31.fxe5 Kf7 32.Kd6 Ng6 33.Rb2 Be4 34.Rf2+ Bf5 35.c5 Ke8
36.Rb2 Ne7 37.Rb8+ Kf7 38.Rb7  1-0

[Event "Tatry Open"]
[Site "Tatranske Zruby CZE"]
[Date "2010.10.08"]
[Round "8"]
[White "Bucek,E"]
[Black "Tyda,K"]
[Result "1-0"]
[WhiteElo "2041"]
[BlackElo "2024"]

1.d4 d5 2.c4 e6 3.Nf3 Nf6 4.e3 c6 5.Nc3 Bd6 6.Bd3 Nbd7 7.O-O O-O 8.Nd2 e5
9.cxd5 exd4 10.Nce4 Ne5 11.Nxf6+ Qxf6 12.Ne4 Qe7 13.Nxd6 Qxd6 14.dxc6 Ng4
15.f4 bxc6 16.h3 Nf6 17.e4 Qc5 18.Bd2 Re8 19.Qf3 Qe7 20.Rfe1 Bb7 21.e5 Nd5
22.f5 c5 23.f6 Qc7 24.Bxh7+ Kxh7 25.Qh5+ Kg8 26.Qg5  1-0

[Event "Continental Class Ch"]
[Site "Arlington USA"]
[Date "2010.10.09"]
[Round "4"]
[White "Kaidanov,G"]
[Black "Ostrovskiy,Al"]
[Result "1-0"]
[WhiteElo "2575"]
[BlackElo "2243"]

1.d4 d5 2.c4 c6 3.Nc3 Nf6 4.e3 e6 5.Nf3 Nbd7 6.Bd3 dxc4 7.Bxc4 b5 8.Bd3 b4
9.Ne4 Nxe4 10.Bxe4 Bb7 11.a3 Qb6 12.O-O c5 13.Bxb7 Qxb7 14.Qa4 cxd4 15.Rd1 Bc5
16.axb4 Qxb4 17.Qc6 Rd8 18.exd4 O-O 19.Bd2 Qb6 20.Qa4 Bd6 21.Ba5 Qxb2 22.Bxd8 Rxd8
23.Qxa7 Qb6 24.Ne5 Bb8 25.Qxb6 Nxb6 26.Nc6  1-0

[Event "Continental Class Ch"]
[Site "Arlington USA"]
[Date "2010.10.09"]
[Round "5"]
[White "Kaufman,La"]
[Black "Kaidanov,G"]
[Result "1/2-1/2"]
[WhiteElo "2413"]
[BlackElo "2575"]

1.d4 d5 2.c4 e6 3.Nc3 c6 4.e3 Nf6 5.Nf3 Nbd7 6.Qc2 b6 7.Bd3 Bb7 8.O-O Be7
9.Rd1 Qc7 10.b3 h6 11.Bb2 Rc8 12.Rac1 Qb8 13.Qe2 O-O 14.e4 dxe4 15.Nxe4 c5
16.dxc5 bxc5 17.Re1 Rfd8 18.Rcd1 Qc7 19.Bb1 Bc6 20.Nfd2 a5 21.Nxf6+ Bxf6
22.Ne4 Bxe4 23.Bxe4 Bxb2 24.Qxb2 Nf6 25.Bf3 Rxd1 26.Rxd1 Rd8 27.Rxd8+ Qxd8
28.g3 Qc7 29.Qd2 Qb6 30.Kg2 Kf8 31.h4 Ke7 32.Qc3 Qc7 33.a3 Qb6 34.Qe5 Qd6
35.Qc3 Qb6 36.Qe5 Ne8 37.Qc3 Kf8 38.Bd1 Nf6  1/2-1/2

[Event "TCh-NED"]
[Site "Netherlands NED"]
[Date "2010.10.09"]
[Round "2.9"]
[White "Janssen,Ru"]
[Black "Okkes,M"]
[Result "1/2-1/2"]
[WhiteElo "2498"]
[BlackElo "2378"]

1.c4 e6 2.Nc3 d5 3.d4 c6 4.e3 Nf6 5.Nf3 Nbd7 6.Qc2 Bd6 7.Be2 O-O 8.O-O dxc4
9.Bxc4 b5 10.Bd3 Bb7 11.Bd2 a6 12.Ng5 h6 13.Nce4 Be7 14.Nxf6+ Nxf6 15.Nh7 Nxh7
16.Bxh7+ Kh8 17.Be4 Bd6 18.Rac1 Rc8 19.b4 Qe7 20.Qb1 f5 21.Bf3 e5 22.dxe5 Qxe5
23.g3 Qe7 24.Rfd1 c5 25.Bxb7 Qxb7 26.Bc3 Qe7 27.bxc5 Bxc5 28.Bb2 Qe6 29.Qd3 Be7
30.Rxc8 Rxc8 31.Qd7 Qxd7 32.Rxd7 Rc2 33.Rxe7 Rxb2 34.a4 bxa4 35.Re6 a3 36.Rxa6 a2
37.Kg2 Kg8 38.h3 Kf7 39.g4 fxg4 40.hxg4 Ke7 41.Kg3 Re2 42.Kf3 Rb2 43.e4 g5
44.e5 Rb3+ 45.Ke4 Rb4+ 46.Kd5 Rb5+ 47.Kd4 Rb4+ 48.Kc5 Rb2 49.f3 Rd2 50.Kc4 Kf7
51.Kc3 Rd5 52.e6+ Ke7 53.Rxa2 Rd6 54.Re2 Rxe6 55.Re4 Kf6  1/2-1/2

[Event "TCh-NED"]
[Site "Netherlands NED"]
[Date "2010.10.09"]
[Round "2.6"]
[White "Miedema,R"]
[Black "Rijnaarts,S"]
[Result "1/2-1/2"]
[WhiteElo "2392"]
[BlackElo "2262"]

1.d4 d5 2.c4 c6 3.Nc3 Nf6 4.e3 e6 5.Nf3 Nbd7 6.Bd3 dxc4 7.Bxc4 b5 8.Be2 Be7
9.O-O O-O 10.a3 b4 11.axb4 Bxb4 12.Ne1 a5 13.Nd3 Bb7 14.Bf3 Qe7 15.Nxb4 axb4
16.Rxa8 Bxa8 17.Na4 c5 18.Bxa8 Rxa8 19.b3 cxd4 20.Qxd4 e5 21.Qc4 e4 22.Bb2 Qd6
23.Rc1 Rd8 24.h3 h5 25.Bd4 Nd5 26.Qe2 Qg6 27.Qb5 Nf8 28.Qa5 Ne6 29.Rc6 Ndf4
30.exf4 Rxd4 31.Qe5 Qf6 32.Rc8+ Rd8 33.Qxf6 gxf6 34.Rxd8+ Nxd8 35.f5 Nc6
36.Nc5 Nd4 37.Kh2 Kg7 38.Kg3 Ne2+ 39.Kh4 Kh6 40.g4 Nd4 41.Kg3 Ne2+ 42.Kh4 Nd4
43.Na6 Nxb3 44.Nxb4 Nd4 45.Nd5 Nf3+ 46.Kg3 h4+ 47.Kg2 Kg5 48.Kf1 Nh2+ 49.Ke2 Nxg4
50.hxg4 h3 51.Kf1 Kxg4 52.Ne3+ Kf3 53.Nc2 e3 54.Ne1+ Kf4 55.fxe3+  1/2-1/2

[Event "TCh-ISL Div 1 2010-11"]
[Site "Reykjavik ISL"]
[Date "2010.10.09"]
[Round "2.4"]
[White "Stefansson,H"]
[Black "Henrichs,T"]
[Result "1/2-1/2"]
[WhiteElo "2585"]
[BlackElo "2507"]

1.d4 d5 2.c4 c6 3.Nc3 Nf6 4.e3 e6 5.Nf3 Nbd7 6.Bd3 dxc4 7.Bxc4 b5 8.Bd3 Bb7
9.e4 b4 10.Na4 c5 11.e5 Nd5 12.Nxc5 Nxc5 13.dxc5 Bxc5 14.O-O h6 15.Nd2 Qc7
16.Ne4 Be7 17.Re1 Qxe5 18.Nc5 Qc7 19.Nxb7 Qxb7 20.Qf3 Rd8 21.Bd2 Qb8 22.Rac1 O-O
23.Rc4 Rfe8 24.h4 a5 25.g3 Bf6 26.Bc1 Rc8 27.a3 Red8 28.Rxc8 Rxc8 29.Be4 Qb5
30.Rd1 bxa3 31.Qxa3 Qb4 32.Bf3 Rc2 33.Qxb4 Nxb4 34.Be4 Rc4 35.Bb1 a4 36.Kf1 Kf8
37.Kg2 Ke7 38.Kf1 Bd4 39.Kg2 f5 40.h5 Kf6 41.Kf3 e5 42.Kg2 Nc6 43.Bd3 Rc5
44.Bb1 Na5 45.f4 Nb3 46.fxe5+ Bxe5 47.Be3 Rb5 48.Rf1 Bd4 49.Bd3 Rc5 50.Bxd4+ Nxd4
51.Ra1 Nc6 52.Rxa4 Ne5 53.Rd4 Rc1 54.Rd5 Rd1 55.Be4 Rc1 56.Bd3 Nxd3 57.Rxd3 Rc2+
58.Kh3 Rxb2 59.Rd6+ Kg5  1/2-1/2

[Event "TCh-SWE Elitserien 2010-11"]
[Site "Sweden SWE"]
[Date "2010.10.09"]
[Round "2"]
[White "Helgason,R"]
[Black "Johansson,G1"]
[Result "1/2-1/2"]
[WhiteElo "2342"]
[BlackElo "2226"]

1.d4 d5 2.c4 c6 3.Nc3 Nf6 4.e3 e6 5.Nf3 Nbd7 6.Qc2 b6 7.b3 Bb7 8.Be2 Bd6
9.Bb2 O-O 10.O-O Rc8 11.Rfd1 Qe7 12.e4 Nxe4 13.Nxe4 dxe4 14.Qxe4 f5 15.Qc2 c5
16.dxc5 Bxc5 17.Qd2 Rcd8 18.Qg5 Nf6 19.Bd4 Bxd4 20.Nxd4 Rd7 21.Qe3 Ne4 22.Nf3 Rfd8
23.Rxd7 Rxd7 24.Ne5 Rd8 25.Bd3 Qd6 26.f4  1/2-1/2

[Event "TCh-SWE Elitserien 2010-11"]
[Site "Sweden SWE"]
[Date "2010.10.09"]
[Round "2"]
[White "Smith,Ax"]
[Black "Hjelm,N"]
[Result "1/2-1/2"]
[WhiteElo "2445"]
[BlackElo "2334"]

1.d4 d5 2.c4 c6 3.Nc3 Nf6 4.e3 e6 5.Nf3 a6 6.b3 Bb4 7.Bd2 Bd6 8.Bd3 c5 9.O-O O-O
10.Qe2 Nc6 11.Rad1 b6 12.dxc5 bxc5 13.Bb1 Bb7 14.e4 Nd4 15.Nxd4 cxd4 16.e5 dxc3
17.Bxc3 Be7 18.exf6 Bxf6 19.cxd5 Bxd5 20.Rd3 a5 21.Rh3 g6 22.Qe3 h5 23.Qf4 Bxc3
24.Rxc3 Rb8 25.Rg3 h4 26.Rg5 Kg7 27.Qxh4 Rb4 28.Qg3 Qf6 29.Rc1 a4 30.bxa4 Rc8
31.Re1 Rc3 32.Qe5 Qxe5 33.Rgxe5 Rxa4 34.R5e2 Rca3 35.g3 Bxa2 36.Bxa2 Rxa2
37.Rxa2 Rxa2 38.h4 Kf6 39.Kg2 Ra3 40.Re4 Rb3 41.Ra4 Rc3 42.Rb4 Ra3 43.Rc4 Rb3
44.Ra4 Rc3 45.Rb4 Ra3 46.Rc4 Rb3 47.Ra4  1/2-1/2

[Event "Tatry Open"]
[Site "Tatranske Zruby CZE"]
[Date "2010.10.09"]
[Round "9"]
[White "Banas,J"]
[Black "Parak,D"]
[Result "1-0"]
[WhiteElo "2310"]
[BlackElo "2168"]

1.c4 Nf6 2.Nc3 e6 3.Nf3 d5 4.d4 c6 5.e3 Bd6 6.Qc2 O-O 7.Bd3 Nbd7 8.O-O Re8
9.e4 dxe4 10.Nxe4 Nxe4 11.Bxe4 Nf6 12.Bd3 h6 13.b3 c5 14.dxc5 Bxc5 15.Bb2 b6
16.Rad1 Qe7 17.Rfe1 Bb7 18.Nd4 Bxd4 19.Bxd4 Rad8 20.Be5 Ba8 21.Bf1 Rxd1 22.Rxd1 Rd8
23.Rxd8+ Qxd8 24.Qd3 Qc8 25.Qd6 Nd7 26.Bd4 Be4 27.a3 Qc6 28.Qe7 Qc8 29.b4 Bc2
30.Qd6 Be4 31.Qg3 f6 32.f3 Bf5 33.Qd6 e5 34.Bf2 Bg6 35.c5 bxc5 36.Ba6 Qe8
37.Bb5 Bf5 38.Bxc5  1-0

[Event "Schachbundesliga 2010-11"]
[Site "Baden-Baden GER"]
[Date "2010.10.10"]
[Round "2"]
[White "Medvegy,Z"]
[Black "Ernst,S"]
[Result "1/2-1/2"]
[WhiteElo "2531"]
[BlackElo "2587"]

1.d4 d5 2.c4 c6 3.Nc3 Nf6 4.e3 e6 5.Nf3 Nbd7 6.Qc2 Bd6 7.b3 O-O 8.Be2 Qe7
9.O-O b6 10.Bb2 Bb7 11.Rad1 Rac8 12.e4 Nxe4 13.Nxe4 dxe4 14.Qxe4 f5 15.Qe3 c5
16.Rfe1 Nf6 17.d5 Ne4 18.Nd2 Nxd2 19.Rxd2 e5 20.g3 Rce8 21.Bh5 g6 22.Bd1 f4
23.gxf4 Rxf4 24.Qxf4 exf4 25.Rxe7 Rxe7 26.Bg4 Re1+ 27.Kg2 h5 28.Bd7 Re7 29.Bh3 Re1
30.Bf6 Kf7 31.Bg5 f3+ 32.Kxf3 Bxh2 33.Re2 Rxe2 34.Kxe2 Bd6 35.Be6+ Ke8 36.Ke3 Be7
37.Kf4 Bd6+ 38.Ke4 Ba6 39.a4 Bb7 40.Ke3 Kf8 41.Bf4 Ke7 42.Bxd6+ Kxd6 43.Kf4 Bc6
44.Bf7 Bd7 45.Bxg6 h4 46.Kg5 h3 47.f4 a6 48.Be4 h2 49.Bh1 b5 50.axb5 axb5
51.f5 bxc4 52.bxc4 Ke5 53.f6 Be8 54.Bg2 Bf7 55.Bf3 Be8 56.Bg2  1/2-1/2

[Event "TCh-HUN 2010-11"]
[Site "Budapest HUN"]
[Date "2010.10.10"]
[Round "1"]
[White "Petran,Pa"]
[Black "Doleschall,G"]
[Result "1-0"]
[WhiteElo "2348"]
[BlackElo "2240"]

1.d4 d5 2.c4 c6 3.Nf3 Nf6 4.Nc3 e6 5.e3 Nbd7 6.Bd3 dxc4 7.Bxc4 b5 8.Bd3 Bb7
9.O-O a6 10.Qe2 c5 11.a3 Be7 12.Rd1 cxd4 13.exd4 O-O 14.Ne5 Nb6 15.Bc2 Nbd5
16.Bd2 Rc8 17.Rac1 Qd6 18.Bb1 Nxc3 19.Bxc3 Nd5 20.Bd2 Rxc1 21.Rxc1 f5 22.Re1 Bf6
23.Nf3 Bc8 24.Ba2 Re8 25.Bg5 Bxg5 26.Nxg5 h6 27.Nf3 Bb7 28.Nh4 Nf4 29.Qc2 Rc8
30.Qxf5 Qxd4 31.Bxe6+ Nxe6 32.Qxe6+ Kh7 33.Qf5+ Kg8 34.Ng6 Rd8 35.h4 Qxb2
36.Re7 Bd5 37.h5 Qc1+ 38.Kh2 Qg5 39.Qxg5 hxg5 40.Ra7 Ra8 41.Rc7 Be6 42.Rc5 Rb8
43.Rxg5 Kh7 44.Ne5 Rb7 45.Rg6 Re7 46.f4 Re8 47.Nf3 Bd5 48.Ng5+ Kh8 49.Rd6 Bb7
50.Rb6 Bd5 51.Rxa6  1-0

[Event "Karen Asrian Memorial"]
[Site "Jermuk ARM"]
[Date "2010.10.10"]
[Round "6"]
[White "Lomineishvili,M"]
[Black "Melkonian,V"]
[Result "0-1"]
[WhiteElo "2355"]
[BlackElo "2235"]

1.d4 d5 2.c4 c6 3.Nc3 Nf6 4.e3 e6 5.Nf3 Nbd7 6.Bd3 dxc4 7.Bxc4 b5 8.Bd3 a6
9.a4 b4 10.Ne4 c5 11.Nxf6+ Nxf6 12.dxc5 Bb7 13.Qe2 Bxc5 14.e4 Ng4 15.O-O Qb8
16.Bg5 O-O 17.Rac1 Bd6 18.h3 Nh2 19.Rfd1 Nxf3+ 20.Qxf3 h6 21.Be3 Rd8 22.Qg4 Be5
23.b3 Kh8 24.Bb6 Rd7 25.a5 Bc3 26.Kh1 Bc6 27.f4 Qb7 28.f5 exf5 29.Qxf5 Re8
30.e5 Bxg2+ 31.Kg1 Rxd3 32.Rxd3 Bd5 33.Rcxc3 bxc3 34.Rxc3 Qe7 35.Rc8 Be6
36.Rxe8+ Qxe8 37.Qd3 Bc8 38.h4 Qe6 39.Kf2 Qg4 40.Qd4 Qh3 41.b4 Bg4 42.Bd8 Qf3+
43.Kg1 Bf5 44.Qf2 Qg4+ 45.Kh2 Qh3+ 46.Kg1 Be4 47.Qh2 Qg4+ 48.Kf2 Qf3+ 49.Ke1 Qc3+
50.Qd2 Qa1+ 51.Kf2 Qxe5 52.Bb6 Qh2+ 53.Ke3 Qxh4 54.Qd7 Qe1+ 55.Kf4 g5+  0-1

[Event "TCh-HUN 2010-11"]
[Site "Zalaegerszeg HUN"]
[Date "2010.10.10"]
[Round "1"]
[White "Csiszar,Z"]
[Black "Taskovits,I"]
[Result "1/2-1/2"]
[WhiteElo "2276"]
[BlackElo "2291"]

1.d4 Nf6 2.c4 c6 3.Nc3 d5 4.e3 e6 5.Nf3 Nbd7 6.Qc2 Bd6 7.Be2 O-O 8.O-O Qe7
9.b3 b6 10.Bb2 Bb7 11.Rfd1 Rad8 12.h3 h6 13.a3 Rfe8 14.Rac1 a6 15.b4 dxc4
16.Bxc4 c5 17.dxc5 bxc5 18.bxc5 Nxc5 19.Qe2 Bb8 20.Nb1 Nfe4 21.Nbd2 Ng5 22.Nxg5 Qxg5
23.Nf3 Qh5 24.Bd4 Rc8 25.Ne5 Qxe2 26.Bxe2 Nb3 27.Rb1 Nxd4 28.exd4 Be4 29.Rb6 a5
30.Bb5 Red8 31.Nc6 Bc7 32.Ne7+ Kf8 33.Nxc8 Rxc8 34.Ba6 Ra8 35.Bb7 Rb8 36.Bxe4 Rxb6
37.g3 Rb2 38.a4 Bb6 39.Rb1 Rxb1+ 40.Bxb1 Bxd4 41.Kg2 f5 42.g4 g6 43.gxf5 gxf5
44.f4 Kf7 45.Kf3 Kf6 46.Ba2 e5 47.fxe5+ Bxe5 48.Bd5  1/2-1/2

[Event "Karen Asrian Memorial"]
[Site "Jermuk ARM"]
[Date "2010.10.12"]
[Round "8"]
[White "Manukyan,SaV"]
[Black "Aghasaryan,R"]
[Result "1-0"]
[WhiteElo "2223"]
[BlackElo "2308"]

1.d4 d5 2.c4 c6 3.Nc3 Nf6 4.e3 e6 5.Nf3 Nbd7 6.Bd3 dxc4 7.Bxc4 b5 8.Bd3 Bb7
9.O-O a6 10.a4 b4 11.Ne4 c5 12.Nxf6+ Qxf6 13.e4 cxd4 14.Bg5 Qg6 15.e5 Qh5
16.Be2 Nxe5 17.Nxe5 Qxg5 18.Bf3 Qxe5 19.Bxb7 Ra7 20.Bc6+ Ke7 21.Rc1 g6 22.Re1 Qd6
23.Bf3 Bg7 24.Rc6 Qb8 25.Qc2 Rd8 26.Qc5+ Kf6 27.Bd5 Kg5 28.Bxe6+ f5 29.Bxf5 gxf5
30.h4+ Kg4 31.Re4+  1-0

[Event "I Memorial Oliver Gonzalez"]
[Site "Madrid ESP"]
[Date "2010.10.12"]
[Round "4"]
[White "Vazquez Igarza,R"]
[Black "Anton Guijarro,D"]
[Result "1/2-1/2"]
[WhiteElo "2535"]
[BlackElo "2403"]

1.d4 d5 2.Nf3 Nf6 3.c4 c6 4.Nc3 e6 5.e3 Nbd7 6.Qc2 Bd6 7.e4 dxe4 8.Nxe4 Nxe4
9.Qxe4 Nf6 10.Qh4 h6 11.Bd3 b6 12.O-O Bb7 13.Re1 Qe7 14.d5 cxd5 15.cxd5 Bxd5
16.Bb5+ Kf8 17.Nd4 Qb7 18.Bf1 Kg8 19.Nb5 Be7 20.Qh3 Be4 21.Bf4 Bf5 22.Qb3 Nd5
23.Bd6 Bf6 24.Bg3 Bg6 25.Nd6 Qd7 26.Bb5 Qd8 27.Bc6 Kh7 28.Bxa8 Qxa8 29.a4 a6
30.Nc4 Qb7 31.Qf3 Qc6 32.Ne5 Bxe5 33.Bxe5 Rc8 34.h3 Qc5 35.Qg3 Qb4 36.Qa3  1/2-1/2

[Event "TCh-CHN"]
[Site "Guangzhou CHN"]
[Date "2010.10.13"]
[Round "13"]
[White "Yang Kaiqi"]
[Black "Lu Shanglei"]
[Result "1/2-1/2"]
[WhiteElo "2396"]
[BlackElo "2340"]

1.d4 d5 2.c4 c6 3.Nf3 Nf6 4.Nc3 e6 5.e3 Nbd7 6.Qc2 Bd6 7.Bd3 O-O 8.O-O dxc4
9.Bxc4 e5 10.Bb3 Qa5 11.h3 exd4 12.exd4 Nb6 13.Bg5 Bf5 14.Qd2 Nfd5 15.Rfe1 Bb4
16.a3 Bxc3 17.bxc3 Qxc3 18.Qa2 Rfe8 19.Rec1 Qa5 20.Bd2 Qa6 21.a4 Be6 22.a5 Nc8
23.Ng5 Nd6 24.Qc2 Bf5 25.Qc5 Rad8 26.Re1 Qd3 27.Bxd5 Qxd2 28.Rxe8+ Rxe8 29.Nxf7 Nxf7
30.Bxf7+ Kxf7 31.Qxf5+ Kg8 32.Rb1 Qxd4 33.Rxb7 Qd1+ 34.Kh2 Qd6+ 35.f4 Rf8
36.Qe5 Qxe5 37.fxe5 Re8 38.Rxa7 Rxe5 39.Kg3 Rf5 40.a6 Ra5 41.Kf4 h5 42.h4 Kh7
43.g3 Kg6 44.Ra8 Kf6 45.Ke4 Ra4+ 46.Kd3 Kf5 47.Rf8+ Ke6 48.Ra8 Kf5 49.Rf8+ Ke6
50.Ra8 Kf5  1/2-1/2

[Event "32nd Open"]
[Site "Arco ITA"]
[Date "2010.10.18"]
[Round "3"]
[White "Trois,F"]
[Black "Herman,Ma"]
[Result "1/2-1/2"]
[WhiteElo "2309"]
[BlackElo "2149"]

1.d4 d5 2.Nf3 Nf6 3.c4 c6 4.e3 e6 5.Nc3 Nbd7 6.Qc2 Bd6 7.b3 O-O 8.Bb2 b6
9.Be2 Bb7 10.O-O Qe7 11.Rad1 Rad8 12.e4 Nxe4 13.Nxe4 dxe4 14.Qxe4 f5 15.Qc2 c5
16.dxc5 bxc5 17.Qd2 Ne5 18.Qc3 Ng4 19.h3 Bxf3 20.Bxf3 Bh2+ 21.Kh1 Be5 22.Qc2 Qf6
23.Bxe5 Nxe5 24.Qc3 Nxf3 25.Qxf3  1/2-1/2

[Event "GM"]
[Site "Skanderborg DEN"]
[Date "2010.10.19"]
[Round "5"]
[White "Smith,Ax"]
[Black "Miton,K"]
[Result "1/2-1/2"]
[WhiteElo "2445"]
[BlackElo "2629"]

1.d4 d5 2.c4 c6 3.Nc3 Nf6 4.e3 e6 5.Nf3 Nbd7 6.Bd3 dxc4 7.Bxc4 b5 8.Bd3 Bd6
9.O-O O-O 10.Qc2 Bb7 11.a3 Rc8 12.b4 a5 13.Qb3 axb4 14.axb4 e5 15.Bd2 Qe7
16.Ra7 Rb8 17.Qb1 Rfe8 18.Ne4 exd4 19.Nxd6 Qxd6 20.exd4 h6 21.h3  1/2-1/2

[Event "Guernsey Open"]
[Site "Grand Havre Bay GBG"]
[Date "2010.10.20"]
[Round "4"]
[White "Paardekam,R"]
[Black "Ippel,C"]
[Result "1/2-1/2"]
[WhiteElo "2090"]
[BlackElo "1996"]

1.d4 e6 2.c4 d5 3.Nc3 c6 4.e3 Nf6 5.Nf3 Bd6 6.Bd3 Nbd7 7.O-O O-O 8.Qc2 h6
9.Re1 e5 10.cxd5 cxd5 11.dxe5 Bxe5 12.Bd2 a6 13.Ne2 Re8 14.Bc3 Bxc3 15.Nxc3 b5
16.Rad1 Nb6 17.Nd4 Bd7 18.Qb3 Be6 19.Qc2 Rc8 20.Qb1 Rc7 21.Rc1 Ng4 22.Nf3 Qd6
23.Ne2 Rec8 24.Rxc7 Rxc7 25.Rc1 Ne5 26.Nxe5 Qxe5 27.Nd4 g6 28.Rxc7 Qxc7 29.Bxg6 Qe5
30.Bf5 Kg7 31.Qd3 Nc4 32.b3 Nd6 33.Bxe6 fxe6 34.Qc3 Ne4 35.Nxe6+ Kf6 36.Qxe5+ Kxe5
37.Nc7 Nc3 38.a4 bxa4 39.bxa4 a5 40.Kf1 Nxa4 41.Nb5 Nb6 42.Ke2 a4 43.f4+ Ke6
44.Kd3 h5 45.e4 dxe4+ 46.Kxe4 Nc4 47.Nd4+ Kf6 48.Nc2 h4 49.g3 Nd2+ 50.Kd3 Nf1
51.gxh4 Nxh2 52.Ne3 Kg6 53.Ng2 Ng4 54.Kc3 Kf5 55.Kb4 Nf6 56.Kxa4 Kg4 57.Kb4 Kf3
58.Kc4 Kxg2 59.Kd4 Kg3 60.Ke5 Nh5 61.f5 Kxh4  1/2-1/2

[Event "WY Boys-U16"]
[Site "Porto Carras GRE"]
[Date "2010.10.20"]
[Round "1.12"]
[White "Andersen,Mad"]
[Black "Galehdari,B"]
[Result "1-0"]
[WhiteElo "2385"]
[BlackElo "2093"]

1.d4 d5 2.c4 e6 3.Nc3 c6 4.e3 Nf6 5.Nf3 Bd6 6.Bd3 Nbd7 7.O-O O-O 8.Qc2 Re8
9.b3 h6 10.Bb2 dxc4 11.bxc4 e5 12.Rad1 Qe7 13.Bf5 e4 14.Nd2 Nf8 15.Bxe4 Nxe4
16.Qxe4 Qd8 17.Qd3 Bg4 18.Rde1 Ng6 19.f4 Qh4 20.g3 Qh3 21.Nd1 Nh4 22.Rf2 Ng6
23.Qf1 Qh5 24.e4 Bb4 25.f5 Nf8 26.Bc3 a5 27.Bxb4 axb4 28.Nb2 Rxa2 29.Rb1 Bh3
30.Qc1 Ra3 31.Ra1 Rea8 32.Rxa3 Rxa3 33.Nb1 Ra1 34.Nd3 Qg4 35.Nf4 Nd7 36.Nxh3 Qxe4
37.Rf1 Qxd4+ 38.Nf2 Ne5 39.Qd1 Qxd1 40.Rxd1 Nxc4 41.Nd3 b3 42.Kf2 Ra2+ 43.Kf3 Rxh2
44.Rc1 Rc2 45.Rd1 f6 46.Ke4 Re2+ 47.Kf3 Rc2 48.g4 b6 49.Ke4 Nd6+ 50.Kf3 Nb5
51.Nf4 c5 52.Rd8+ Kf7 53.Ng6 Nd4+ 54.Kg3 Ne6 55.Rd7+ Ke8 56.fxe6 Re2 57.Rd6 b5
58.Kf3 Re1 59.Nc3 b2 60.Rb6 Kd8 61.Rxb5 Rxe6 62.Rxb2 Ra6 63.Rb5 Rc6 64.Ke4 Ke8
65.Kd5 Rc7 66.Kd6 Rc8 67.Rb7  1-0

[Event "15th European Club Cup Women"]
[Site "Plovdiv BUL"]
[Date "2010.10.21"]
[Round "5"]
[White "Kononenko,T"]
[Black "Nikolova,A"]
[Result "0-1"]
[WhiteElo "2384"]
[BlackElo "2295"]

1.d4 d5 2.c4 c6 3.e3 Nf6 4.Nc3 e6 5.Nf3 a6 6.b3 Bb4 7.Bd2 Qe7 8.Be2 Nbd7
9.O-O O-O 10.Qc2 Re8 11.Rfd1 h6 12.Be1 dxc4 13.bxc4 e5 14.Rab1 exd4 15.Nxd4 a5
16.Na4 Bxe1 17.Rxe1 Ne4 18.Bf1 Nec5 19.Nc3 Ne5 20.Rbd1 Bd7 21.h3 Rad8 22.Ne4 Na6
23.c5 Nb4 24.Qb1 Rb8 25.Nd6 Rf8 26.f4 Ng6 27.Bc4 Nd5 28.N4f5 Bxf5 29.Qxf5 Nh4
30.Qh5 Nc3 31.Rc1 b5 32.Bxf7+ Rxf7 33.Rxc3 Rxf4 34.e4 Rbf8 35.Rg3 Kh7 36.Qe2 Qe5
37.Qe3 a4 38.a3 R8f6 39.Rd1 Rf2 40.Kh1 Rf1+ 41.Rxf1 Rxf1+ 42.Kh2 Qa1 43.Rg4 Rh1+
44.Kg3 Nxg2 45.Qd3 Qe1+ 46.Kxg2 Qg1+  0-1

[Event "WY Boys-U18"]
[Site "Porto Carras GRE"]
[Date "2010.10.21"]
[Round "2.4"]
[White "Grandelius,N"]
[Black "Pourramezanali,A"]
[Result "1-0"]
[WhiteElo "2500"]
[BlackElo "2342"]

1.d4 d5 2.c4 c6 3.Nc3 Nf6 4.e3 e6 5.Nf3 Nbd7 6.Bd3 Bd6 7.e4 dxe4 8.Nxe4 Nxe4
9.Bxe4 Bb4+ 10.Bd2 Bxd2+ 11.Qxd2 Nf6 12.Bc2 b6 13.O-O-O Bb7 14.Qg5 O-O 15.Qh4 Qd6
16.Ne5 h6 17.Rhe1 c5 18.g4 cxd4 19.g5 hxg5 20.Qxg5 Ne4 21.Bxe4 Bxe4 22.Rxe4 f6
23.Qxg7+ Kxg7  1-0

[Event "WY Girls-U12"]
[Site "Porto Carras GRE"]
[Date "2010.10.21"]
[Round "2.7"]
[White "Ivana Maria,F"]
[Black "Camilia,Bt"]
[Result "1-0"]
[WhiteElo "1924"]
[BlackElo "1744"]

1.d4 d5 2.Nf3 Nf6 3.c4 c6 4.Nc3 e6 5.e3 Nbd7 6.Bd3 dxc4 7.Bxc4 b5 8.Bd3 a6
9.a4 Bb7 10.O-O Bd6 11.Qc2 O-O 12.Ne4 Qe7 13.Nxd6 Qxd6 14.Rd1 h6 15.e4 Qe7
16.b3 Rac8 17.Bb2 bxa4 18.Rxa4 c5 19.Qe2 cxd4 20.Bxd4 Nc5 21.Bxc5 Qxc5 22.Nd2 Qc6
23.Rda1 Qb6 24.h3 Rc6 25.b4 Qc7 26.Nb3 Nd7 27.R4a3 Qb6 28.b5 Rc3 29.Qd1 Ne5
30.Bf1 Rd8 31.Qe1 Rdc8 32.bxa6 Rxb3 33.Rxb3 Qxb3 34.axb7 Rb8 35.Rb1 Qa3 36.Qb4 Qa7
37.Qd6 Ng6 38.Ba6 Nf8 39.Rc1  1-0

[Event "WY Boys-U18"]
[Site "Porto Carras GRE"]
[Date "2010.10.21"]
[Round "2.6"]
[White "Cruz,Cr"]
[Black "Danilenko,D"]
[Result "1/2-1/2"]
[WhiteElo "2497"]
[BlackElo "2307"]

1.d4 d5 2.Nf3 Nf6 3.c4 c6 4.Nc3 e6 5.e3 Nbd7 6.Qc2 Bd6 7.e4 e5 8.cxd5 cxd5
9.Bg5 dxe4 10.dxe5 Nxe5 11.Bb5+ Bd7 12.Nxe5 Bxb5 13.Nxf7 Kxf7 14.Qb3+ Kg6
15.Qxb5 a6 16.Bxf6 axb5 17.Bxd8 Rhxd8 18.O-O-O Be7 19.Kb1 Kf5 20.Nxe4 b4
21.Rhe1 g5 22.Rxd8 Rxd8 23.Kc2 Bf8 24.Ng3+ Kf6 25.Rd1 Re8 26.f3 Kg6 27.h3 h5
28.Rd7 b6 29.Rd4 Re6 30.Ne4 Be7 31.Kd3 Re5 32.Rd7 Kf5 33.Kc4 g4 34.hxg4+ hxg4
35.Rd5 gxf3 36.gxf3 Rxd5 37.Kxd5 Kf4 38.Nd2 b5 39.Kc6 Ke3 40.Ne4 Kxf3 41.Nc5 b3
42.Nxb3 Bf6 43.Nd2+ Ke3 44.b4 Kxd2 45.Kxb5 Kc3 46.a4 Bd4 47.Ka5 Kc4 48.b5 Kb3
49.b6 Bxb6+ 50.Kxb6 Kxa4  1/2-1/2

[Event "WY Boys-U18"]
[Site "Porto Carras GRE"]
[Date "2010.10.22"]
[Round "3.14"]
[White "Nikolashvili,G"]
[Black "Anwesh,U"]
[Result "1/2-1/2"]
[WhiteElo "2294"]
[BlackElo "2420"]

1.d4 Nf6 2.c4 c6 3.Nc3 d5 4.Nf3 e6 5.e3 Nbd7 6.Be2 Bd6 7.O-O O-O 8.b3 b6
9.Qc2 Bb7 10.Bb2 Qe7 11.e4 Nxe4 12.Nxe4 dxe4 13.Qxe4 f5 14.Qc2 c5 15.Rad1 Rad8
16.Rfe1 Nf6 17.d5 Ne4 18.Bf1 Kh8 19.g3 exd5 20.cxd5 Qf7 21.Rxe4 fxe4 22.Ng5 Qf5
23.Ne6 Rd7 24.Bb5 Rdf7 25.Nxf8 Rxf8 26.Bc4 Rd8 27.Qc3 Rd7 28.a4 Bf8 29.Qe5 Qf3
30.Re1 Rf7 31.Re2 Re7 32.Qb8 Rf7 33.Qe5 Re7 34.Qb8 Rf7  1/2-1/2